00657nam a2200205Ia 4500008004100000020001800041082000800059100002600067245004200093250000600135260003000141300001500171500002400186650001500210700002200225942000700247952009000254952009000344999001700434230524s9999 xx 000 0 und d a9788126527649 bINC a" Incropera, Frank P" 0aFundamental of Heat and Mass Transfer a6 aNerw DelhibJ.Wileyc2011 axxv;925 p. aQuantity Number: 2 aMechanical a"Dewitt, David P" cBK 00104070aTATCLbTATCLcGENd2023-05-24l0o INCp48425r2023-05-24w2023-05-24yBK 00104070aTATCLbTATCLcGENd2023-05-24l0o INCp48426r2023-05-24w2023-05-24yBK c52516d52516